| 000 | 00700nab a2200217 a 4500 | ||
|---|---|---|---|
| 005 | 20210219161857.0 | ||
| 008 | 991125s1985 mx 000 0 spa u | ||
| 035 | _aUPN01000193566 | ||
| 100 | 1 | _aZevallos Re, G. Tatiana | |
| 222 | _aREVISTA DE PSICOLOGIA SOCIAL Y PERSONALIDAD | ||
| 245 | _aRasgos de instrumentalidad - expresividad atribuidos a los tres principales candidatos a la presidencia de México en el 2000 | ||
| 260 | _aMéxico | ||
| 300 | _a105-120 | ||
| 362 | 0 | _a2002, Vol. 18, no. 2 | |
| 653 | 0 | _aIMAGEN CORPORAL | |
| 653 | 0 | _aPERCEPCION | |
| 653 | 0 | _aCANDIDATOS POLITICOS | |
| 653 | 0 | _aEXPRESION CORPORAL | |
| 700 | 1 |
_aReyes Lagunas, Isabel, _ecoaut. |
|
| 905 | _aArticulo | ||
| 999 |
_c165667 _d165667 |
||